Datum a čas kvízu
20.5
Celkem bodů
Celkový počet nahraných bodů na tomto kvízu bez doplňovacích otázek.
3.
Pořadí na kvízu
Konečné umístění týmu na tomto kvízu.
Zaznamenané odpovědi
| # | Otázka | Odpověď | Body | Výsledky |
|---|---|---|---|---|
| 1. | Český internet se minulý týden... | Marta Nováková | 1 | |
| 2. | Saúdská Arábie jmenovala svoji... | Spojené státy americké | 1 | |
| 3. | Krimikomedii Úhoři mají nabito... | Vladimír Michálek | 0 | |
| 4. | Jak se nazývá země, jejíž auto... | Izrael | 1 | |
| 5. | Úřadující mistr světa v automo... | Zlatý volant | 1 | |
| 6. | Cestovatel Miroslav Zikmund os... | Tatra 87 | 0 | |
| 7. | Na začátku své výpravy, dne 8.... | Casablanca, Maroko | 1 | |
| 8. | Cestovatelé si samozřejmě nemo... | Zambezi | 1 | |
| 9. | V prvním červencovém týdnu se... | Buenos Aires | 0 | |
| 10. | V Kongu zažili Zikmund s Hanze... | zrození sopky (Vovokvabiti) | 0 |